Ubytovacie zariadenie v rekreačnom areáli Ostrov - Trenčín
Saved in:
| Main Author: | |
|---|---|
| Other Authors: | |
| Format: | Manuscript Book |
| Language: | Slovak |
| Published: |
2022
|
| Subjects: | |
| Online Access: | http://is.stuba.sk/zp/portal_zp.pl?podrobnosti=144353 https://opac.crzp.sk/?fn=detailBiblioForm&sid=EC9507141B5FF6F0400BC9C822A1 |
| Tags: |
No Tags, Be the first to tag this record!
|
MARC
| LEADER | 00000ntm a22000003a 4500 | ||
|---|---|---|---|
| 001 | stuzp84225 | ||
| 003 | SK-STU | ||
| 005 | 20230515135223.3 | ||
| 007 | ta | ||
| 008 | 150427s2015----xo-----f-mn---000-0-slo-d | ||
| 040 | |a STU |b slo | ||
| 041 | 0 | |a slo | |
| 100 | 1 | |a Šebőková, Veronika |u 010310 |4 aut |U SvF Stavebná fakulta |T SvF Katedra architektúry |X 93358 |U V181|V310 |Y 19 |7 93358 | |
| 242 | 0 | 1 | |a Accommodation facility in recreational area Ostrov - Trenčín |y eng |
| 245 | 1 | 0 | |a Ubytovacie zariadenie v rekreačnom areáli Ostrov - Trenčín |
| 260 | |c 2022 | ||
| 650 | 4 | |a reštaurácia |2 slo | |
| 650 | 4 | |a prírodné prostredie |2 slo | |
| 650 | 4 | |a drevostavba |2 slo | |
| 650 | 4 | |a restaurant |2 eng | |
| 650 | 4 | |a natural environment |2 eng | |
| 650 | 4 | |a wood construction |2 eng | |
| 700 | 1 | |a Topilin, Alexander |u 010310 |k Z3 |4 ths |U SvF Stavebná fakulta |T SvF Katedra architektúry |X 55683 |U V181|V310 |Y 19 |7 55683 | |
| 856 | 4 | |u http://is.stuba.sk/zp/portal_zp.pl?podrobnosti=144353 | |
| 856 | 4 | |u https://opac.crzp.sk/?fn=detailBiblioForm&sid=EC9507141B5FF6F0400BC9C822A1 | |